Přeskočit na obsah

Новые подходы к определению нововведений и иноваций // сб. Научных трудов Вольного экономического общества, том 137, 2010: Статья Статья

С помощью мета-анализа рассматривается существующий теоретический задел в области понятийного аппарата нововведений и инноваций и предлагается новый качественный подход к определению нововведений изобретений и инноваций....

Celý popis

Uloženo v:
Podrobná bibliografie
Hlavní autor: Казаков С.П
Médium: Статья
Vydání:1
On-line přístup:https://znanium.com/catalog/document?id=189166
https://znanium.com/cover/0563/563035.jpg
Tagy: Přidat tag
Žádné tagy, Buďte první, kdo otaguje tento záznam!
LEADER 01791nam0a2200217 i 4500
001 RU\infra-m\znanium\bibl\563035
003 https://znanium.com/catalog/document?id=189166
005 20190811000000.0
100 |a 20190811d2016 m y0rusy0150 ca 
101 0 |a rus 
102 |a RU 
200 1 |a Новые подходы к определению нововведений и иноваций // сб. Научных трудов Вольного экономического общества, том 137, 2010: Статья  |e Статья  |f Национальный исследовательский университет "Высшая школа экономики" 
205 |a 1 
210 1 |a Москва  |c Издательский Центр РИОР  |d 2016 
215 |a 11 с. 
330 |a С помощью мета-анализа рассматривается существующий теоретический задел в области понятийного аппарата нововведений и инноваций и предлагается новый качественный подход к определению нововведений изобретений и инноваций. 
608 |a Статья  |2 local 
700 1 |a Казаков  |b С.П.  |g Сергей Петрович  |p Национальный исследовательский университет "Высшая школа экономики" 
801 0 |a RU  |b Общество с ограниченной ответственностью «ЗНАНИУМ»  |c 20160525  |2 rusmarc 
856 4 |a znanium.com  |m ebs_support@infra-m.ru  |n НИЦ ИНФРА-М  |u https://znanium.com/catalog/document?id=189166 
856 4 1 |a znanium.com  |d /cover/0563  |f 563035.jpg  |q image/jpeg  |u https://znanium.com/cover/0563/563035.jpg